Boston Sports Figures - Statistics

General Stats
  • This quiz has been taken 597 times
    595 since last reset
  • The average score is 9 of 15
Answer Stats
Answer % Correct
Quarterback of the New England Patriots, 3X Super Bowl Champion Tom Brady
97%
The trade of this player allegedly caused the 86-year World Series drought of the Red Sox Babe Ruth
88%
Screamed "ANYTHING IS POSSIBLE" after the Celtics won the 2008 NBA Finals Kevin Garnett
83%
Has played his entire career with the Boston Celtics, nicknamed "The Truth" Paul Pierce
82%
The last hitter in Major League Baseball to hit .400 in a season, billed "The Greatest Hitter of All Time" Ted Williams
82%
Was tripped by St. Louis' Noel Picard as he scored the Stanley Cup winning goal in 1970 Bobby Orr
79%
Had a bloody sock in the 2004 ALCS against the Yankees Curt Schilling
75%
"Who's your daddy?", pushed Don Zimmer to the ground in a brawl against the Yankees Pedro Martinez
69%
Waved his 1975 Game 6-winning home run fair Carlton Fisk
57%
Caught a record four no hitters with the Red Sox Jason Varitek
56%
Scored 50 goals in 49 games in 1990-91, starred in Dumb and Dumber as "Sea Bass", now team president of the Boston Bruins Cam Neely
43%
His number 8 is retired by the Red Sox, nicknamed "Yaz" Carl Yastrzemski
40%
Played 21 seasons with the Boston Bruins, did not win a Stanley Cup until 2001 with the Colorado Avalanche Ray Bourque
37%
"______ stole the ball! It's all over!" John Havlicek
31%
Bruins great known as "The Chief" John Bucyk
21%
No matching quizzes found
Score Distribution
Percent of People with Each Score
Percentile by Number Answered
Your Score History
You have not taken this quiz since the last reset